000 00857nam2a2200253 4500
001 RU\NLR\bibl\508426
005 20250609141952.0
010 _a5-7633-1053-5
_93000
021 _aRU
_b2004-9568
_9496
035 _a(NLR Aleph) 000500950
090 _a1173238
_c1173238
100 _a20040406d2003 |||y0rusy50 ca
101 0 _arus
102 _aRU
105 _aa |||||||||
200 0 _a2003
210 _d2003
_aБ. м.
215 _a278,[1] с.
_cил., цв. ил., портр.
461 0 _1001RU\NLR\bibl\517980
_12001#$aКто есть кто$v2003
_91229558
_cСаратов
_d2003
_nПриволж. кн. изд-во
_o[Сб. информ.-справ. материалов по Сарат. обл.]
_tКто есть кто
_v2003
801 0 _aRU
_bNLR
_c20040406
_gPSBO
801 1 _aRU
_bNLR
_c20040406
942 _cBOOK
980 _aNB